Utóhang

Pokračovanie polemiky okolo kvalifikácie školských inšpektorov - pisárov z pera pisára Humenského župného školského inšpektorátu.

Podrobná bibliografia
Hlavný autor: Horváth, Dezider (Author)
Médium: Článok
Jazyk:Hungarian
Témy:
Zdroj: 1. Felvidéki Hirlap : Közgazdasági, társadalmi és szépirodalmi hetilap 1. Roč. 1, č. 31 (11.10.1908) s. 2 a 3
LEADER 00959nab#a2200325#ar4500
001 000072976
003 SVKKK
005 20030605xxxxxxx.
008 06 c xo huno
FMT
038 |a SVKKK 
040 |a SVKKK  |b slo  |e AACR2 
041 0 |a hun 
044 |a xo  |c SK 
080 |a 37 
100 1 |a Horváth, Dezider  |4 aut 
242 1 0 |a Ozvena 
245 1 0 |a Utóhang  |c Dezider Horváth 
500 |a Dezső 
500 |a mikrofilm 
520 2 |a Pokračovanie polemiky okolo kvalifikácie školských inšpektorov - pisárov z pera pisára Humenského župného školského inšpektorátu. 
650 0 4 |a inšpektoráty školské - erudícia - Humenné - rok 1908 - polemiky 
773 0 |t Felvidéki Hirlap : Közgazdasági, társadalmi és szépirodalmi hetilap  |g Roč. 1, č. 31 (11.10.1908) s. 2 a 3 
957 |a Humenné 
958 |a DG 
958 |a SK 
974 |a Ba  |d 20030605 
992 |a RBX 
BAS
998 |a RETRO